Normal view
MARC view
- witli, Dr.Denis
Entry Personal Name
001 - CONTROL NUMBER
- control field: 108985
003 - CONTROL NUMBER IDENTIFIER
- control field: NUST
005 - DATE AND TIME OF LATEST TRANSACTION
- control field: 20230213115915.0
008 - FIXED-LENGTH DATA ELEMENTS
- fixed length control field: 230213|| aca||aabn | a|a d
040 ## - CATALOGING SOURCE
- Original cataloging agency: NUST
- Transcribing agency: NUST
100 ## - HEADING--PERSONAL NAME
- Personal name: witli, Dr.Denis
670 ## - SOURCE DATA FOUND
- Source citation: Work cat.: (NUST): witli, Dr.Denis , khwabo se haqiqat tak / خوابوں سے حقیقت تک (Urdu) /, 2012
